The roman colonate (Record no. 45025)

MARC details
000 -LEADER
campo de control de longitud fija 00783nam a2200217 i 4500
001 - NÚMERO DE CONTROL
campo de control 45025
003 - IDENTIFICADOR DE NÚMERO DE CONTROL
campo de control ES-MaACL
005 - FECHA Y HORA DE LA ÚLTIMA TRANSACCIÓN
campo de control 20230906161134.0
007 - CAMPO FIJO DE DESCRIPCIÓN FÍSICA--INFORMACIÓN GENERAL
campo de control de longitud fija t|
008 - DATOS DE LONGITUD FIJA--INFORMACIÓN GENERAL
campo de control de longitud fija 030325s1925 xxu ||||1| eng d
100 1# - ENTRADA PRINCIPAL--NOMBRE DE PERSONA
Nombre de persona Clausing, Roth.
9 (RLIN) 39100
245 14 - MENCIÓN DEL TÍTULO
Título The roman colonate
Resto del título : the theories of its origin /
Mención de responsabilidad, etc. by Roth Clausing ; wits an introduction by Vladimir Simkhovitch.
260 ## - PUBLICACIÓN, DISTRIBUCIÓN, ETC.
Lugar de publicación, distribución, etc. New York :
Nombre del editor, distribuidor, etc. Columbia University :
-- Longman Green,
Fecha de publicación, distribución, etc. 1925.
300 ## - DESCRIPCIÓN FÍSICA
Extensión 333 p. ;
Dimensiones 23 cm.
490 1# - MENCIÓN DE SERIE
Mención de serie Studies in history economics and public law ;
Designación de volumen o secuencia 117
700 1# - ENTRADA AGREGADA--NOMBRE PERSONAL
Nombre de persona Simkhovitch, Vladimir.
9 (RLIN) 106479
710 2# - ENTRADA AGREGADA--NOMBRE DE ENTIDAD CORPORATIVA
Nombre de entidad corporativa o nombre de jurisdicción como elemento de entrada Columbia University.
9 (RLIN) 3002
830 0# - PUNTO DE ACCESO ADICIONAL DE SERIE-TÍTULO UNIFORME
Título uniforme Studies in history economics and public law ;
Designación de volumen o secuencia 117
9 (RLIN) 229918
852 ## - LOCALIZACIÓN
Ubicación ES-MaACL
Número de control de estantería C-3919
Sublocalización o colección R.23677
Holdings
Estatus retirado Estado de pérdida Estado de daño No para préstamo Biblioteca de origen Biblioteca actual Ubicación en estantería Fecha de adquisición Fuente de adquisición Total de préstamos Signatura topográfica completa Código de barras Visto por última vez Precio de reemplazo Tipo de ítem Koha
        Biblioteca del Ateneo de Madrid Biblioteca del Ateneo de Madrid Sala Palomar 17/01/2008     C-3919 1047386 23/02/2023 23/02/2023 Libro impreso